Markets (Record no. 83471)

MARC details
000 -LEADER
fixed length control field 01273cab a22002295a 4500
001 - CONTROL NUMBER
control field L154058
008 - FIXED-LENGTH DATA ELEMENTS--GENERAL INFORMATION
fixed length control field 111010e20111007xxk 000 0 eng d
035 ## - SYSTEM CONTROL NUMBER
System control number (Sirsi) u154058
041 0# - LANGUAGE CODE
Language code of text/sound track or separate title eng
100 1# - MAIN ENTRY--PERSONAL NAME
Personal name Stewart, Sarah
245 00 - TITLE STATEMENT
Title Markets
Remainder of title Kent, Surrey and Sussex
260 ## - PUBLICATION, DISTRIBUTION, ETC.
Date of publication, distribution, etc. 2011
490 #0 - SERIES STATEMENT
Series statement Property Week
Volume/sequential designation 77(40) 7 October 2011, 53-58(5)
520 ## - SUMMARY, ETC.
Summary, etc. With Nokia's likely relocation to Heathrow, the M3 office market is buoyed by mobile phone manufacturer's Santander and oil company Total's 150 000sq ft requirement. Reports on how large-scale malls in the region (Bluewater, Guildford's Friary Shopping Centre, and Brighton's Churchill Square) are combating the threat of Westfield Stratford City. Localism agenda could accelerate development at Shoreham airport. Vestas Offshore plans to build a wind turbine factory at the Port of Sheerness. Pfizer and its agent CB Richard Ellis have received bids from local and global pharmaceutical companies for the redundant site at Sandwich, Kent.
590 ## - LOCAL NOTE (RLIN)
Local note KA
651 #4 - SUBJECT ADDED ENTRY--GEOGRAPHIC NAME
Geographic name Kent
651 #4 - SUBJECT ADDED ENTRY--GEOGRAPHIC NAME
Geographic name Surrey
651 #4 - SUBJECT ADDED ENTRY--GEOGRAPHIC NAME
Geographic name Sussex
Chronological subdivision 1888-
690 ## - LOCAL SUBJECT ADDED ENTRY--TOPICAL TERM (OCLC, RLIN)
Topical term or geographic name as entry element PROPERTY-COMMERCIAL PROPERTY-COMMERCIAL PROPERTY MARKET
690 ## - LOCAL SUBJECT ADDED ENTRY--TOPICAL TERM (OCLC, RLIN)
Topical term or geographic name as entry element PROPERTY-COMMERCIAL PROPERTY-COMMERCIAL PROPERTY FINANCE AND INVESTMENT
942 ## - ADDED ENTRY ELEMENTS (KOHA)
Suppress in OPAC 0
Holdings
Withdrawn status Lost status Source of classification or shelving scheme Damaged status Not for loan Home library Current library Shelving location Date acquired Total Checkouts Full call number Barcode Date last seen Copy number Price effective from Koha item type
    Dewey Decimal Classification     London London Journal article 10/10/2011   L154058 154058-1001 06/08/2019 1 06/08/2019 Journal article